[Event "BCF-chT 0102 (4NCL)"]
[Site "Birmingham"]
[Date "2001.11.25"]
[Round "4.7"]
[White "Richards, Heather"]
[Black "Norris, Alan J"]
[Result "1/2-1/2"]
[WhiteElo "2212"]
[BlackElo "2307"]
[PlyCount "81"]
[EventDate "2001.09.22"]
[EventType "team"]
[EventRounds "11"]
[EventCountry "ENG"]
[SourceTitle "CBM 084 Extra"]
[Source "ChessBase"]
[SourceDate "2001.10.26"]
[SourceVersion "1"]
[SourceVersionDate "2001.10.26"]
[SourceQuality "1"]
[WhiteTeam "Beeson Gregory II"]
[BlackTeam "Wood Green II"]
[WhiteTeamCountry "ENG"]
[BlackTeamCountry "ENG"]

1. e4 e6 2. d4 d5 3. Nc3 dxe4 4. Nxe4 Nd7 5. Bd3 Ngf6 6. Qe2 c5 7. Nxf6+ Nxf6 8. dxc5 Bxc5 9. Nf3 Qb6 10. 0-0 0-0 11. c3 Bd7 12. Ne5 Rfd8 13. Bg5 Be7 14. Bxh7+ Kf8 15. Bd3 Be8 16. Rad1 Rd5 17. Bc4 Rxd1 18. Rxd1 Rd8 19. Rxd8 Qxd8 20. h3 Qc7 21. Bb3 b5 22. Bf4 Bd6 23. g4 Kg8 24. Qe3 a5 25. Nd3 Bxf4 26. Qxf4 Qd8 27. Ne5 Qd6 28. Qe3 Bc6 29. Nxc6 Qxc6 30. Qd3 Nd7 31. Bc2 g6 32. Qe4 Qc7 33. Qd4 Ne5 34. Be4 g5 35. Bg2 b4 36. Qe3 f6 37. cxb4 axb4 38. a3 Qc2 39. axb4 Qxb2 40. Kh2 Qxb4 41. Qe4 1/2-1/2

[Event "BCF-chT 0102 (4NCL)"]
[Site "Birmingham"]
[Date "2001.09.23"]
[Round "2.7"]
[White "Martin, Andrew D"]
[Black "Norris, Alan J"]
[Result "1/2-1/2"]
[WhiteElo "2449"]
[BlackElo "2304"]
[PlyCount "63"]
[EventDate "2001.09.22"]
[EventType "team"]
[EventRounds "11"]
[EventCountry "ENG"]
[SourceTitle "CBM 084 Extra"]
[Source "ChessBase"]
[SourceDate "2001.10.26"]
[SourceVersion "1"]
[SourceVersionDate "2001.10.26"]
[SourceQuality "1"]
[WhiteTeam "Wood Green"]
[BlackTeam "Wood Green II"]
[WhiteTeamCountry "ENG"]
[BlackTeamCountry "ENG"]

1. d4 Nf6 2. c4 e6 3. Nf3 d5 4. Nc3 c6 5. Bg5 dxc4 6. e4 b5 7. e5 h6 8. Bh4 g5 9. exf6 gxh4 10. Ne5 Qxf6 11. Be2 Nd7 12. Nxc6 Bb7 13. Bf3 Bg7 14. Nxb5 0-0 15. 0-0 h3 16. g3 Rfd8 17. Qe2 Nb6 18. Be4 Bxc6 19. Bxc6 Rac8 20. Be4 a6 21. Nc3 Rxd4 22. Rad1 Rcd8 23. Rxd4 Rxd4 24. Rd1 Qd8 25. Rxd4 Qxd4 26. Qd1 Qxd1+ 27. Nxd1 f5 28. Bf3 Bd4 29. Be2 a5 30. Bf1 Kf7 31. Bxh3 Na4 32. Bf1 1/2-1/2

[Event "BCF-chT 0102 (4NCL)"]
[Site "Birmingham"]
[Date "2001.09.22"]
[Round "1.7"]
[White "Norris, Alan J"]
[Black "Upton, Ian J"]
[Result "1/2-1/2"]
[WhiteElo "2304"]
[BlackElo "2260"]
[PlyCount "60"]
[EventDate "2001.09.22"]
[EventType "team"]
[EventRounds "11"]
[EventCountry "ENG"]
[SourceTitle "CBM 084 Extra"]
[Source "ChessBase"]
[SourceDate "2001.10.26"]
[SourceVersion "1"]
[SourceVersionDate "2001.10.26"]
[SourceQuality "1"]
[WhiteTeam "Wood Green II"]
[BlackTeam "Wessex"]
[WhiteTeamCountry "ENG"]
[BlackTeamCountry "ENG"]

1. d4 e6 2. c4 f5 3. Nc3 Nf6 4. f3 Bb4 5. Qb3 c5 6. a3 Bxc3+ 7. Qxc3 cxd4 8. Qxd4 0-0 9. Bg5 Nc6 10. Qd6 Ne4 11. fxe4 Qxg5 12. Nf3 Qe3 13. exf5 Rxf5 14. Qd2 Qxd2+ 15. Kxd2 Ne5 16. e4 Nxf3+ 17. Ke3 Rh5 18. gxf3 Kf7 19. h4 g5 20. Be2 gxh4 21. f4 Rh6 22. e5 b5 23. Bf3 Rb8 24. c5 b4 25. a4 b3 26. Rag1 Bb7 27. Bxb7 Rxb7 28. Rg4 Rb4 29. Rhxh4 Rxh4 30. Rxh4 Kg7 1/2-1/2

[Event "SCO-ch"]
[Site "Aberdeen"]
[Date "2001.07.13"]
[Round "7"]
[White "Norris, Alan J"]
[Black "Rowson, Jonathan"]
[Result "0-1"]
[WhiteElo "2304"]
[BlackElo "2514"]
[PlyCount "81"]
[EventDate "2001.07.07"]
[EventType "swiss"]
[EventRounds "9"]
[EventCountry "SCO"]
[SourceTitle "CBM 083 Extra"]
[Source "ChessBase"]
[SourceDate "2001.09.11"]
[SourceVersion "1"]
[SourceVersionDate "2001.09.11"]
[SourceQuality "1"]

1. Nf3 b6 2. g3 Bb7 3. Bg2 g6 4. c4 c5 5. d4 cxd4 6. Qxd4 Nf6 7. 0-0 Bg7 8. Nc3 d6 9. Rd1 Nbd7 10. b3 0-0 11. Bb2 Ne4 12. Qe3 Nxc3 13. Bxc3 Bxc3 14. Qxc3 Rc8 15. Qe3 Kg7 16. Qd4+ Nf6 17. Ng5 Qc7 18. Ne4 Bxe4 19. Bxe4 Qc5 20. Qb2 Kg8 21. Bf3 Rc7 22. h4 Rfc8 23. Rac1 Qf5 24. a4 a5 25. Rd4 Qe5 26. Qd2 Kg7 27. Bd5 e6 28. Bf3 d5 29. g4 dxc4 30. bxc4 h6 31. Qd3 Qc5 32. Rd6 e5 33. g5 hxg5 34. hxg5 Nh7 35. Bg4 Re8 36. Bd7 Rd8 37. Rd1 Nxg5 38. Rd5 Qxc4 39. Qxc4 Rxc4 40. Rxe5 Ne4 41. Kg2 0-1

[Event "SCO-ch"]
[Site "Aberdeen"]
[Date "2001.07.12"]
[Round "6"]
[White "McNab, Colin Anderson"]
[Black "Norris, Alan J"]
[Result "0-1"]
[WhiteElo "2437"]
[BlackElo "2304"]
[PlyCount "68"]
[EventDate "2001.07.07"]
[EventType "swiss"]
[EventRounds "9"]
[EventCountry "SCO"]
[SourceTitle "CBM 083 Extra"]
[Source "ChessBase"]
[SourceDate "2001.09.11"]
[SourceVersion "1"]
[SourceVersionDate "2001.09.11"]
[SourceQuality "1"]

1. c4 e6 2. Nf3 d5 3. b3 Nf6 4. g3 c5 5. Bg2 Nc6 6. e3 Be7 7. 0-0 0-0 8. Bb2 d4 9. exd4 cxd4 10. Re1 Ne8 11. d3 f6 12. Na3 e5 13. Nc2 Nc7 14. Qd2 a5 15. a3 Na6 16. b4 axb4 17. axb4 Ncxb4 18. Nfxd4 exd4 19. Ba3 Nxc2 20. Bxe7 Nxe1 21. Bxd8 Nxg2 22. Bb6 Bh3 23. Qe2 g6 24. Rb1 Rae8 25. Qf3 Ne1 26. Qxb7 Nb4 27. Ba5 Rb8 28. Qe4 Rbe8 29. Qb7 Nbxd3 30. Qd5+ Kh8 31. c5 Re5 32. Qb7 Rfe8 33. Qc6 R5e6 34. Qd5 Re4 0-1

[Event "SCO-ch"]
[Site "Aberdeen"]
[Date "2001.07.11"]
[Round "5"]
[White "Norris, Alan J"]
[Black "Shaw, John"]
[Result "1/2-1/2"]
[WhiteElo "2304"]
[BlackElo "2478"]
[PlyCount "117"]
[EventDate "2001.07.07"]
[EventType "swiss"]
[EventRounds "9"]
[EventCountry "SCO"]
[SourceTitle "CBM 083 Extra"]
[Source "ChessBase"]
[SourceDate "2001.09.11"]
[SourceVersion "1"]
[SourceVersionDate "2001.09.11"]
[SourceQuality "1"]

1. Nf3 d5 2. c4 c6 3. b3 Nf6 4. g3 Qb6 5. cxd5 cxd5 6. Bb2 Nc6 7. Bg2 e5 8. 0-0 Bd6 9. d4 e4 10. Ne5 0-0 11. Nxc6 bxc6 12. Ba3 c5 13. Nc3 cxd4 14. Na4 Qd8 15. Bxd6 Qxd6 16. Qxd4 Ba6 17. Nc3 Rfd8 18. Rfd1 Qb6 19. Qxb6 axb6 20. e3 Kf8 21. Bf1 Ke7 22. Rac1 Bxf1 23. Kxf1 b5 24. Rc2 b4 25. Nb5 Rdc8 26. Nc7 Kd7 27. Rdc1 Ra5 28. Nxd5 Rxc2 29. Nxf6+ Ke6 30. Rxc2 Kxf6 31. Rc4 Ke5 32. Rxb4 Rxa2 33. Rb7 Ke6 34. g4 g5 35. Rb4 Ke5 36. Rb5+ Kf6 37. b4 Rb2 38. Kg2 h6 39. Rb8 Kg6 40. b5 Kg7 41. b6 Rb1 42. h3 Kh7 43. Kg3 Rg1+ 44. Kh2 Rb1 45. Kg2 Kg7 46. b7 Kh7 47. f3 exf3+ 48. Kxf3 Kg7 49. Ke4 Rb2 50. Ke5 Rb1 51. e4 Rb2 52. Kd6 Rb1 53. e5 Rd1+ 54. Ke7 Rb1 55. Ke8 Rb2 56. Kd7 Rd2+ 57. Kc6 Rc2+ 58. Kd6 Rd2+ 59. Ke7 1/2-1/2

[Event "Mondariz zt 1.1"]
[Site "Mondariz"]
[Date "2000.09.12"]
[Round "9"]
[White "Norris, Alan J"]
[Black "McMahon, Daire"]
[Result "0-1"]
[WhiteElo "2299"]
[BlackElo "2246"]
[PlyCount "128"]
[EventDate "2000.09.03"]
[EventType "swiss"]
[EventRounds "11"]
[EventCountry "ESP"]
[SourceTitle "CBM 079"]
[Source "ChessBase"]
[SourceDate "2000.11.21"]
[SourceVersion "1"]
[SourceVersionDate "2000.11.21"]
[SourceQuality "1"]

1. Nf3 Nf6 2. c4 e6 3. g3 d5 4. Bg2 c5 5. 0-0 Nc6 6. cxd5 Nxd5 7. Nc3 Nc7 8. b3 Be7 9. Bb2 0-0 10. Rc1 b6 11. d4 Nxd4 12. Nxd4 cxd4 13. Na4 Nd5 14. Qxd4 Bf6 15. Qd2 Ba6 16. Rfd1 Bxb2 17. Qxb2 Qe7 18. Bxd5 exd5 19. Nc3 Rad8 20. Rd4 Rfe8 21. Rc2 Qe5 22. Rcd2 Rc8 23. e3 h6 24. Nxd5 Bb7 25. Qb1 Rc5 26. Qd3 Rec8 27. e4 Rc1+ 28. Kg2 Re1 29. Rd1 Rc1 30. Rxc1 Rxc1 31. Qd2 Ra1 32. Nc3 f5 33. f3 fxe4 34. Nxe4 Qb5 35. Rc4 Ba6 36. Qb2 Re1 37. Qd2 Ra1 38. g4 Qe5 39. Rc1 Bb7 40. Rxa1 Qxa1 41. Nd6 Bc6 42. Qc2 Bd7 43. Qc4+ Kh7 44. Qe4+ Kg8 45. Qd5+ Kh7 46. a4 Qb2+ 47. Kg3 Qc3 48. Ne4 Qe1+ 49. Kf4 Qc1+ 50. Ke5 Bc6 51. Qd3 Kh8 52. Qc3 Qxc3+ 53. Nxc3 Bxf3 54. Kd6 Bxg4 55. b4 Bf3 56. Kc7 g5 57. Kb8 a5 58. b5 g4 59. Kc7 h5 60. Nb1 h4 61. Nd2 Bg2 62. Kxb6 g3 63. h3 Bd5 64. Kc5 Ba8 0-1

[Event "Mondariz zt 1.1"]
[Site "Mondariz"]
[Date "2000.09.07"]
[Round "5"]
[White "Reinaldo Castineira, Roi"]
[Black "Norris, Alan J"]
[Result "0-1"]
[WhiteElo "2416"]
[BlackElo "2299"]
[PlyCount "58"]
[EventDate "2000.09.03"]
[EventType "swiss"]
[EventRounds "11"]
[EventCountry "ESP"]
[SourceTitle "CBM 079"]
[Source "ChessBase"]
[SourceDate "2000.11.21"]
[SourceVersion "1"]
[SourceVersionDate "2000.11.21"]
[SourceQuality "1"]

1. e4 c5 2. Nf3 d6 3. d4 cxd4 4. Nxd4 Nf6 5. Nc3 Nc6 6. Bg5 e6 7. Qd2 Be7 8. 0-0-0 0-0 9. f3 Nxd4 10. Qxd4 Qa5 11. Be3 e5 12. Qd2 Be6 13. Kb1 Rfd8 14. g4 Rac8 15. g5 Rxc3 16. Qxc3 Qxa2+ 17. Kc1 d5 18. gxf6 d4 19. Qd3 Bb4 20. c3 Bxc3 21. Qxc3 Qa1+ 22. Kc2 Qa4+ 23. b3 Qa2+ 24. Kc1 Rc8 25. Qxc8+ Bxc8 26. Bg5 h6 27. Bd2 Be6 28. Bc4 Bxc4 29. bxc4 d3 0-1

[Event "SCO-ch"]
[Site "Glasgow"]
[Date "2000.07.19"]
[Round "5"]
[White "Bryson, Douglas Marshall"]
[Black "Norris, Alan J"]
[Result "1-0"]
[WhiteElo "2370"]
[BlackElo "2299"]
[PlyCount "71"]
[EventDate "2000.07.15"]
[EventType "swiss"]
[EventRounds "9"]
[EventCountry "SCO"]
[SourceTitle "CBM 077 Extra"]
[Source "ChessBase"]
[SourceDate "2000.09.14"]
[SourceVersion "1"]
[SourceVersionDate "2000.09.14"]
[SourceQuality "1"]

1. e4 e5 2. Nc3 Nf6 3. Bc4 Nc6 4. d3 Bb4 5. Bg5 h6 6. Bxf6 Bxc3+ 7. bxc3 Qxf6 8. Ne2 d6 9. 0-0 g5 10. Rb1 Na5 11. Bb5+ c6 12. Ba4 b5 13. Bb3 h5 14. Qd2 h4 15. f3 Nxb3 16. axb3 Qd8 17. Ra1 Qb6+ 18. Kh1 f6 19. c4 b4 20. d4 c5 21. c3 Be6 22. cxb4 cxd4 23. Nc1 0-0 24. Ra5 Qd8 25. Nd3 f5 26. exf5 Bxf5 27. Nf2 Qf6 28. h3 Rae8 29. Rfa1 Rf7 30. Rxa7 Rxa7 31. Rxa7 e4 32. fxe4 Bxe4 33. Ng4 Qg6 34. Kh2 Kf8 35. Ra2 Bb1 36. Rb2 1-0

[Event "SCO-ch"]
[Site "Glasgow"]
[Date "2000.07.17"]
[Round "3"]
[White "Upton, Timothy J"]
[Black "Norris, Alan J"]
[Result "1-0"]
[WhiteElo "2274"]
[BlackElo "2299"]
[PlyCount "55"]
[EventDate "2000.07.15"]
[EventType "swiss"]
[EventRounds "9"]
[EventCountry "SCO"]
[SourceTitle "CBM 077 Extra"]
[Source "ChessBase"]
[SourceDate "2000.09.14"]
[SourceVersion "1"]
[SourceVersionDate "2000.09.14"]
[SourceQuality "1"]

1. e4 c5 2. Nf3 a6 3. c3 Qa5 4. Bd3 d6 5. 0-0 Nf6 6. Bc2 c4 7. Qe2 b5 8. b3 cxb3 9. Bxb3 e6 10. d4 Be7 11. e5 dxe5 12. dxe5 Nfd7 13. Nd4 0-0 14. f4 Nc5 15. Bc2 g6 16. Rf3 Bb7 17. Rh3 Nbd7 18. f5 exf5 19. Nxf5 Rfe8 20. Nh6+ Kg7 21. Nxf7 Kxf7 22. Rxh7+ Kg8 23. Rh6 Nf8 24. Bxg6 Nce6 25. Bxe8 Bc5+ 26. Kh1 Rxe8 27. Qh5 Qd8 28. Na3 1-0

[Event "SCO-ch"]
[Site "Glasgow"]
[Date "2000.07.15"]
[Round "1"]
[White "Buchanan, Walter F"]
[Black "Norris, Alan J"]
[Result "0-1"]
[WhiteElo "2115"]
[BlackElo "2299"]
[PlyCount "66"]
[EventDate "2000.07.15"]
[EventType "swiss"]
[EventRounds "9"]
[EventCountry "SCO"]
[SourceTitle "CBM 077 Extra"]
[Source "ChessBase"]
[SourceDate "2000.09.14"]
[SourceVersion "1"]
[SourceVersionDate "2000.09.14"]
[SourceQuality "1"]

1. d4 e6 2. Nf3 c5 3. e3 Nf6 4. Bd3 b6 5. Nbd2 Be7 6. 0-0 0-0 7. Qe2 cxd4 8. exd4 Bb7 9. c3 d6 10. Ng5 h6 11. f4 Nbd7 12. Nge4 Re8 13. Nxf6+ Nxf6 14. Nf3 a6 15. Bd2 Qd7 16. Ne5 Qc8 17. Rae1 b5 18. Kh1 Bf8 19. Ng4 Nd5 20. f5 exf5 21. Qf2 Rxe1 22. Bxe1 g6 23. Bd2 h5 24. Nh6+ Bxh6 25. Bxh6 Kh7 26. Bd2 Qd7 27. Qh4 Qe7 28. Bg5 f6 29. Re1 Qf7 30. Bf4 Nxf4 31. Qxf4 Re8 32. Qd2 Be4 33. b3 Bxd3 0-1

[Event "BCF-chT 9900 (4NCL)"]
[Site "Birmingham"]
[Date "2000.05.01"]
[Round "11.7"]
[White "Norris, Alan J"]
[Black "Franklin, Michael J"]
[Result "0-1"]
[WhiteElo "2301"]
[BlackElo "2239"]
[PlyCount "77"]
[EventDate "1999.10.??"]
[EventType "team"]
[EventRounds "11"]
[EventCountry "ENG"]
[SourceTitle "EXT 2000"]
[Source "ChessBase"]
[SourceDate "1999.11.16"]
[SourceVersion "1"]
[SourceVersionDate "1999.11.16"]
[SourceQuality "1"]
[WhiteTeam "Wood Green II"]
[BlackTeam "Richmond"]
[WhiteTeamCountry "ENG"]
[BlackTeamCountry "ENG"]

1. c4 Nf6 2. g3 c6 3. Nf3 d5 4. Bg2 Bf5 5. b3 e6 6. 0-0 Be7 7. d3 h6 8. Na3 0-0 9. Nc2 Bh7 10. Bb2 a5 11. Qd2 a4 12. cxd5 exd5 13. b4 Nbd7 14. Rab1 Re8 15. Rfc1 Bd6 16. Ne3 Qe7 17. Ba1 Ne5 18. b5 Qd7 19. bxc6 bxc6 20. Bd4 Rac8 21. Rb6 Nfg4 22. Bh3 f5 23. Nxe5 Nxe5 24. Bc5 Nc4 25. Rxc4 dxc4 26. Bxd6 Qxd6 27. Nxc4 Qc5 28. Qb2 Rc7 29. e3 f4 30. gxf4 Bxd3 31. Ne5 Bb5 32. Nd7 Qd6 33. Rxb5 cxb5 34. Qxb5 Rd8 35. Ne5 Rc1+ 36. Kg2 g5 37. Qxa4 Kg7 38. Qa7+ Rc7 39. Qa5 0-1

[Event "Oakham Millennium Masters"]
[Site "Oakham"]
[Date "2000.04.13"]
[Round "3"]
[White "Aagaard, Jacob"]
[Black "Norris, Alan J"]
[Result "1/2-1/2"]
[WhiteElo "2396"]
[BlackElo "2301"]
[PlyCount "205"]
[EventDate "2000.04.11"]
[EventType "tourn"]
[EventRounds "9"]
[EventCountry "ENG"]
[EventCategory "7"]
[SourceTitle "CBM 075 Extra"]
[Source "ChessBase"]
[SourceDate "2000.05.11"]
[SourceVersion "2"]
[SourceVersionDate "2000.05.11"]
[SourceQuality "1"]

1. d4 d5 2. c4 c6 3. Nc3 Nf6 4. e3 g6 5. Nf3 Bg7 6. Be2 0-0 7. 0-0 Bg4 8. h3 Bxf3 9. Bxf3 e6 10. b3 Nbd7 11. Qc2 Re8 12. Rd1 Qc7 13. Bb2 b5 14. Rac1 Qb7 15. cxb5 cxb5 16. Qd3 Rab8 17. e4 b4 18. exd5 bxc3 19. dxe6 cxb2 20. Bxb7 bxc1Q 21. Rxc1 Rxb7 22. exd7 Rxd7 23. Qa6 h5 24. Rc6 Nd5 25. Rc8 Kf8 26. Qa3+ Ne7 27. Qa4 Nxc8 28. Qxd7 Bf6 29. g4 hxg4 30. hxg4 Rd8 31. Qc7 Ke8 32. d5 Bd4 33. a4 Nd6 34. a5 Rd7 35. Qc2 g5 36. b4 Kd8 37. Qc6 Be5 38. b5 Rc7 39. Qa8+ Ke7 40. Qg8 Bf4 41. b6 axb6 42. axb6 Rc8 43. Qg7 Rb8 44. Qc3 Rb7 45. Kg2 Kd8 46. Qc6 Be5 47. Qc5 Ke7 48. Kf3 Kf6 49. Qc6 Ke7 50. Qc5 f6 51. Kg2 Kd8 52. Qc6 Rd7 53. Qc5 Ke7 54. Kf3 Kf7 55. Kg2 Re7 56. Qc2 Kg7 57. Qc5 Rb7 58. Qc6 Kg6 59. Qc2+ f5 60. gxf5+ Kf6 61. Qc6 Kxf5 62. Qc2+ Kf6 63. Qc6 Rh7 64. Kg1 Rf7 65. Kg2 Kf5 66. Qc2+ Kf6 67. Qa4 Rb7 68. Qg4 Bf4 69. Qd1 Ke5 70. Qb3 Kd4 71. Kf3 Kc5 72. Kg4 Rxb6 73. Qd3 Nc4 74. Kh3 Rd6 75. Kg2 Rxd5 76. Qg6 Rd2 77. Qf5+ Kd4 78. Kf1 Ne5 79. Qc8 Nd3 80. Qd7+ Kc3 81. Qc6+ Kd4 82. Qd7+ Kc5 83. Qc8+ Kb4 84. Qb7+ Kc3 85. Qc6+ Kb3 86. Qd5+ Ka3 87. Qa5+ Kb2 88. Qb5+ Kc1 89. Qc4+ Kb1 90. Qb5+ Nb2 91. Qb3 Rc2 92. Qb4 Rc4 93. Qb3 Kc1 94. Qa3 Kc2 95. Ke2 g4 96. Qa5 Re4+ 97. Kf1 Be5 98. Qd5 Rf4 99. Qxe5 Rxf2+ 100. Kg1 Nd3 101. Qg5 Kc3 102. Qxg4 Kd2 103. Qg2 1/2-1/2

[Event "Oakham Millennium Masters"]
[Site "Oakham"]
[Date "2000.04.12"]
[Round "2"]
[White "Norris, Alan J"]
[Black "Gormally, Daniel"]
[Result "0-1"]
[WhiteElo "2301"]
[BlackElo "2504"]
[PlyCount "68"]
[EventDate "2000.04.11"]
[EventType "tourn"]
[EventRounds "9"]
[EventCountry "ENG"]
[EventCategory "7"]
[SourceTitle "CBM 075 Extra"]
[Source "ChessBase"]
[SourceDate "2000.05.11"]
[SourceVersion "2"]
[SourceVersionDate "2000.05.11"]
[SourceQuality "1"]

1. Nf3 Nf6 2. c4 g6 3. g3 Bg7 4. Bg2 0-0 5. 0-0 d5 6. cxd5 Nxd5 7. Nc3 c5 8. Nxd5 Qxd5 9. d3 Nc6 10. Be3 Bxb2 11. Rb1 Bf6 12. Nd4 Qxa2 13. Ra1 Qb2 14. Rb1 Qa3 15. Ra1 Qb4 16. Rb1 Nxd4 17. Rxb4 cxb4 18. Bxd4 Bxd4 19. Qa4 a5 20. Rb1 Bc3 21. Bd5 e6 22. Bc4 Rd8 23. Bb5 Rd5 24. e4 Rxb5 25. Qxb5 a4 26. e5 a3 27. d4 a2 28. Ra1 Bxa1 29. Qe8+ Kg7 30. Qd8 Bd7 31. Qxa8 b3 32. Qd8 b2 33. Qf6+ Kg8 34. Qd8+ Be8 0-1

[Event "BCF-chT 9900 (4NCL)"]
[Site "Birmingham"]
[Date "2000.03.26"]
[Round "8.2"]
[White "Conquest, Stuart"]
[Black "Norris, Alan J"]
[Result "1-0"]
[WhiteElo "2563"]
[BlackElo "2301"]
[PlyCount "63"]
[EventDate "1999.10.??"]
[EventType "team"]
[EventRounds "11"]
[EventCountry "ENG"]
[SourceTitle "EXT 2000"]
[Source "ChessBase"]
[SourceDate "1999.11.16"]
[SourceVersion "1"]
[SourceVersionDate "1999.11.16"]
[SourceQuality "1"]
[WhiteTeam "Guildford"]
[BlackTeam "Wood Green II"]
[WhiteTeamCountry "ENG"]
[BlackTeamCountry "ENG"]

1. d4 e6 2. g3 f5 3. Bg2 Nf6 4. c4 Bb4+ 5. Nd2 0-0 6. Ngf3 d6 7. 0-0 c5 8. Nb3 cxd4 9. Nfxd4 e5 10. a3 Bc5 11. Nb5 Nc6 12. Nxc5 dxc5 13. b4 Be6 14. Nd6 Qc7 15. bxc5 Rad8 16. Qa4 e4 17. Rd1 Nd7 18. Be3 Nde5 19. Rab1 Bc8 20. Bg5 Rd7 21. Rd5 h6 22. Bf4 Re7 23. h4 Ng6 24. Nb5 Nxf4 25. Nxc7 Nxe2+ 26. Kh2 Nc3 27. Qb3 Nxb1 28. Nb5 Be6 29. Rd1 Na5 30. Qxb1 Nxc4 31. Nd4 Bd5 32. Qb4 1-0

[Event "SCO-ch"]
[Site "Edinburgh"]
[Date "1999.07.24"]
[Round "9"]
[White "Beaton, Kenneth S"]
[Black "Norris, Alan J"]
[Result "1-0"]
[WhiteElo "2120"]
[BlackElo "2335"]
[PlyCount "121"]
[EventDate "1999.07.16"]
[EventType "swiss"]
[EventRounds "9"]
[EventCountry "SCO"]
[SourceTitle "CBM 071 Extra"]
[Source "ChessBase"]
[SourceDate "1999.09.14"]
[SourceVersion "1"]
[SourceVersionDate "1999.09.14"]
[SourceQuality "1"]

1. d4 g6 2. e4 Bg7 3. Nc3 c5 4. dxc5 Bxc3+ 5. bxc3 Qa5 6. Bd3 Qxc3+ 7. Bd2 Qxc5 8. Nf3 d6 9. Rb1 Nf6 10. Rb5 Qc7 11. Bh6 Nbd7 12. 0-0 b6 13. Qe2 Ba6 14. e5 dxe5 15. Nxe5 Nxe5 16. Rxe5 Bxd3 17. cxd3 Qd6 18. Re1 0-0-0 19. d4 Nd5 20. Qa6+ Kb8 21. a4 e6 22. a5 Rd7 23. axb6 Qxb6 24. Qa4 Rb7 25. Rxd5 exd5 26. Re8+ Qd8 27. Bf4+ Ka8 28. Rxd8+ Rxd8 29. h4 Rc8 30. Kh2 h5 31. Bd6 Rd8 32. Bc5 Rdd7 33. Qa6 Kb8 34. Qf6 Kc7 35. Qe5+ Kc6 36. Qe2 Rb5 37. Qd2 a5 38. Qd1 Rd8 39. Qa1 Ra8 40. Qa4 Ra6 41. Kg3 f6 42. f3 Ra8 43. Kf4 Re8 44. Qc2 f5 45. Kg5 Re6 46. Qa2 Rxc5 47. dxc5 Kxc5 48. Qxa5+ Kc4 49. Qa2+ Kc5 50. Qc2+ Kb4 51. Qd3 Kc5 52. Qc3+ Kd6 53. Qd4 Kc6 54. Kh6 Rd6 55. Kg7 Kd7 56. Kf7 Kd8 57. Qc5 Kd7 58. Qa7+ Kd8 59. Qb8+ Kd7 60. Qb7+ Kd8 61. Qe7+ 1-0

[Event "SCO-ch"]
[Site "Edinburgh"]
[Date "1999.07.23"]
[Round "8"]
[White "Henderson, John B"]
[Black "Norris, Alan J"]
[Result "1-0"]
[WhiteElo "2170"]
[BlackElo "2335"]
[PlyCount "59"]
[EventDate "1999.07.16"]
[EventType "swiss"]
[EventRounds "9"]
[EventCountry "SCO"]
[SourceTitle "CBM 071 Extra"]
[Source "ChessBase"]
[SourceDate "1999.09.14"]
[SourceVersion "1"]
[SourceVersionDate "1999.09.14"]
[SourceQuality "1"]

1. d4 c5 2. d5 f5 3. e4 fxe4 4. Nc3 g6 5. f3 e3 6. d6 Bh6 7. Ne4 Nf6 8. Nxf6+ exf6 9. Bc4 Qa5+ 10. c3 Nc6 11. Qd5 Nd8 12. b4 Qa4 13. Qxc5 Ne6 14. Bxe6 dxe6 15. Bxe3 Bf8 16. Ne2 Bd7 17. 0-0 b6 18. Qd4 Bg7 19. Qd2 Kf7 20. c4 Rhd8 21. Rab1 Rac8 22. Rfc1 Qc6 23. c5 Qb7 24. a3 e5 25. f4 Bc6 26. fxe5 fxe5 27. Rd1 Bxg2 28. Qa2+ Ke8 29. Qe6+ Kf8 30. Rf1+ 1-0

[Event "SCO-ch"]
[Site "Edinburgh"]
[Date "1999.07.21"]
[Round "6"]
[White "Berry, Neil"]
[Black "Norris, Alan J"]
[Result "1/2-1/2"]
[WhiteElo "2200"]
[BlackElo "2335"]
[PlyCount "91"]
[EventDate "1999.07.16"]
[EventType "swiss"]
[EventRounds "9"]
[EventCountry "SCO"]
[SourceTitle "CBM 071 Extra"]
[Source "ChessBase"]
[SourceDate "1999.09.14"]
[SourceVersion "1"]
[SourceVersionDate "1999.09.14"]
[SourceQuality "1"]

1. d4 Nf6 2. c4 g6 3. Nc3 Bg7 4. e4 d6 5. f4 0-0 6. Nf3 c5 7. d5 e6 8. Be2 Re8 9. e5 dxe5 10. fxe5 Ng4 11. Bg5 f6 12. exf6 Bxf6 13. Qd2 exd5 14. cxd5 Bxg5 15. Qxg5 Qxg5 16. Nxg5 Ne3 17. Kd2 Bf5 18. Bb5 Nd7 19. Ne6 Bxe6 20. dxe6 Rxe6 21. Rhe1 Rae8 22. Rxe3 Rxe3 23. Bxd7 R8e7 24. Bb5 R3e5 25. Rf1 Kg7 26. Bc4 Rd7+ 27. Kc2 Ree7 28. Rd1 Rxd1 29. Kxd1 Rd7+ 30. Ke2 Rd4 31. b3 b6 32. Ke3 Kf6 33. Be2 Ke5 34. Bf3 c4 35. bxc4 Rxc4 36. Kd3 Rd4+ 37. Ke3 Rh4 38. h3 Rb4 39. a4 h5 40. Kd3 h4 41. Bd1 Rb2 42. Bf3 g5 43. Bb7 Kf4 44. Ne2+ Ke5 45. Nc3 Kf4 46. Ne2+ 1/2-1/2

[Event "Hampstead IM-A 5th"]
[Site "Hampstead"]
[Date "1999.04.14"]
[Round "8"]
[White "Sheldon, Ruth"]
[Black "Norris, Alan J"]
[Result "0-1"]
[WhiteElo "2265"]
[BlackElo "2332"]
[PlyCount "56"]
[EventDate "1999.04.??"]
[EventType "tourn"]
[EventRounds "9"]
[EventCountry "ENG"]
[EventCategory "3"]
[SourceTitle "CBM 070 Extra"]
[Source "ChessBase"]
[SourceDate "1999.07.10"]
[SourceVersion "1"]
[SourceVersionDate "1999.07.10"]
[SourceQuality "1"]

1. d4 g6 2. c4 Bg7 3. e4 c5 4. d5 d6 5. Nc3 Nf6 6. Bd3 0-0 7. Nge2 e6 8. 0-0 Re8 9. Ng3 Na6 10. h3 exd5 11. cxd5 Rb8 12. f4 c4 13. Bxc4 b5 14. Bd3 Nc5 15. Bxb5 Rxb5 16. Nxb5 Qb6 17. Nd4 Ncxe4 18. Nge2 Nxd5 19. Kh2 Ba6 20. Re1 Nf2 21. Qa4 Re4 22. Bd2 Bxe2 23. Rxe2 Qxd4 24. Rxe4 Nxe4 25. Qe8+ Bf8 26. Be1 Nxf4 27. Bh4 g5 28. Rf1 Nf6 0-1

[Event "Jersey op"]
[Site "St Helier"]
[Date "1999.02.19"]
[Round "6"]
[White "Norris, Alan J"]
[Black "Ward, Christopher"]
[Result "1/2-1/2"]
[WhiteElo "2332"]
[BlackElo "2482"]
[PlyCount "151"]
[EventDate "1999.02.??"]
[EventType "swiss"]
[EventRounds "7"]
[EventCountry "JCI"]
[SourceTitle "EXT 2000"]
[Source "ChessBase"]
[SourceDate "1999.11.16"]
[SourceVersion "1"]
[SourceVersionDate "1999.11.16"]
[SourceQuality "1"]

1. d4 Nf6 2. Nf3 e6 3. e3 c5 4. Bd3 b6 5. 0-0 Bb7 6. c4 g6 7. Nc3 Bg7 8. e4 cxd4 9. Nxd4 d6 10. Be3 0-0 11. f3 a6 12. Qd2 Re8 13. Rfd1 Qc7 14. Bf1 Nbd7 15. Rac1 Rad8 16. Kh1 Qb8 17. Bh6 Bh8 18. Bg5 Bg7 19. Bh6 Ne5 20. Bg5 Rc8 21. b3 Qc7 22. Qf4 Nh5 23. Qh4 h6 24. Be3 Bf6 25. Qe1 Bg5 26. Qd2 Bxe3 27. Qxe3 g5 28. Na4 Nd7 29. b4 Rcd8 30. Rc2 Nf4 31. Rdc1 Bc6 32. Qa3 Bb7 33. Qe3 Ba8 34. Ne2 Nxe2 35. Bxe2 Rb8 36. Nb2 Nf6 37. Nd3 Qe7 38. a3 Bc6 39. e5 dxe5 40. Nxe5 Ba4 41. Rd2 Nd7 42. Bd1 Nxe5 43. Qxe5 Bxd1 44. Rcxd1 Rbd8 45. Rd6 Rxd6 46. Qxd6 Qxd6 47. Rxd6 Rc8 48. Rxb6 Rxc4 49. Kg1 a5 50. Rb5 axb4 51. axb4 Rc2 52. Rb7 Kg7 53. b5 h5 54. b6 Rb2 55. h3 h4 56. Rb8 Kf6 57. Kf1 Kf5 58. Kg1 Kf4 59. Kh2 f5 60. Rb7 e5 61. Rb8 Rb1 62. Rb7 e4 63. fxe4 fxe4 64. Rf7+ Ke3 65. b7 Kd2 66. Rd7+ Ke2 67. Rf7 e3 68. Re7 Kf2 69. Rf7+ Ke1 70. Re7 e2 71. Rd7 Rb2 72. Kg1 Rb1 73. Kh2 Rb2 74. Kg1 Rb1 75. Kh2 Rb2 76. Kg1 1/2-1/2